Statistics for All Teams Played for by Samuel Eto'o

Click here to take the quiz!

General Stats

  • This quiz has been taken 89 times
  • The average score is 6 of 14

Answer Stats

YearsAnswer% Correct
2004-2009Barcelona
99%
2009-2011Inter Milan
92%
2013-2104Chelsea
89%
1997-2000Real Madrid
71%
2000-2004Real Mallorca
50%
2000 (Loan)Real Mallorca
50%
2014-2015Everton
41%
2011-2013Anzhi Makhachkala
28%
2015-2018Antalyaspor
18%
2015Sampdoria
16%
1999 (Loan)Espanyol
13%
1997-1998 (Loan)Leganés
13%
2018-2019Qatar SC
13%
2018Konyaspor
8%

Score Distribution

Percentile by Number Answered

Percent of People with Each Score

Your Score History

You have not taken this quiz